000 00357nam a2200133 i 4500
001 bg
100 1 _aKAŹMIERCZAK, Czesław
245 0 _aSłownik dydaktyczny rosyjsko-polski dla inżynierii lądowej /
_cCz. Kaźmierczak.
260 _aCzęstochowa,
_c1979.
040 _cBPK
041 _apol
942 _cKS
008 s pl f |000 0 pol
999 _c18891
_d18891
856 _uhttp://koha.tu.koszalin.pl/cgi-bin/koha/opac-detail.pl?biblionumber=18891
_yKatalog online BPK